<?xml version="1.0" encoding="UTF-8"?>
<marc:record xmlns:marc="http://www.loc.gov/MARC21/slim">
   <marc:leader>00000nam a2200000 a 4500</marc:leader>
   <marc:datafield ind1="1" ind2=" " tag="100">
      <marc:subfield code="a">Segovia, Sofía</marc:subfield>
      <marc:subfield code="4">aut</marc:subfield>
      <marc:subfield code="e">Verfasser/-in</marc:subfield>
   </marc:datafield>
   <marc:datafield ind1=" " ind2=" " tag="653">
      <marc:subfield code="a">Familie</marc:subfield>
   </marc:datafield>
   <marc:datafield ind1=" " ind2=" " tag="653">
      <marc:subfield code="a">Fremdenfeindlichkeit</marc:subfield>
   </marc:datafield>
   <marc:datafield ind1=" " ind2=" " tag="653">
      <marc:subfield code="a">Adoptivkind Motiv</marc:subfield>
   </marc:datafield>
   <marc:datafield ind1=" " ind2=" " tag="653">
      <marc:subfield code="a">Biene</marc:subfield>
   </marc:datafield>
   <marc:datafield ind1=" " ind2=" " tag="653">
      <marc:subfield code="a">Mexiko</marc:subfield>
   </marc:datafield>
   <marc:datafield ind1="0" ind2="0" tag="245">
      <marc:subfield code="a">Das Flüstern der Bienen</marc:subfield>
   </marc:datafield>
   <marc:datafield ind1="0" ind2="0" tag="245">
      <marc:subfield code="b">Roman | Der einzigartige Familienroman, der hunderttausende Leserinnen verzaubert</marc:subfield>
   </marc:datafield>
   <marc:datafield ind1=" " ind2="1" tag="264">
      <marc:subfield code="b">Ullstein Taschenbuch Verlag</marc:subfield>
      <marc:subfield code="c">2022</marc:subfield>
   </marc:datafield>
   <marc:datafield ind1="1" ind2=" " tag="520">
      <marc:subfield code="a">Klappentext: In der kleinen mexikanischen Stadt Linares erzählt man sich noch immer von dem Tag, an dem die alte Nana Reja ein Baby unter einer Brücke gefunden hat. Von einem Bienenschwarm umhüllt, erweckt der kleine Simonopio zunächst Misstrauen bei den abergläubischen Dorfbewohnern. Doch die Gutsbesitzer Francisco und Beatriz Morales nehmen den wilden stummen Jungen bei sich auf und lieben ihn wie ihr eigenes Kind. Während die Spanische Grippe die Region trifft, und um sie herum die mexikanische Revolution wütet, lernen sie Simonopios Gabe zu vertrauen und können die Familie so vor dem größten Unheil bewahren. Doch nicht alle Bewohner der Hacienda meinen es gut mit dem Jungen à  Sofía Segovia Sofía Segovia, geboren in Monterrey, Mexiko, studierte Kommunikationswissenschaften in Monterrey und wollte eigentlich Journalistin werden, doch dann entdeckte sie ihre Liebe für fiktives Schreiben. Mit Das Flüstern der Bienen stand sie wochenlang auf den Bestsellerlisten in Mexiko und wurde international von den Kritikern hoch gelobt. Heute reist sie dorthin, wo ihre Romane sie hinführen, und lebt mit ihrem Mann, drei Kindern und drei Haustieren in den Bergen von Monterrey.</marc:subfield>
   </marc:datafield>
   <marc:datafield ind1=" " ind2=" " tag="020">
      <marc:subfield code="a">9783548066011</marc:subfield>
      <marc:subfield code="9">9783548066011</marc:subfield>
   </marc:datafield>
</marc:record>
